| 000 | 00836cam a2200265 4500 | ||
|---|---|---|---|
| 001 | 309600 | ||
| 003 | ARRUPE | ||
| 005 | 20170127152150.0 | ||
| 008 | 700521s1970 nyu b 001 0 eng | ||
| 010 | _a 73110588 | ||
| 020 | _a0818901667 | ||
| 040 |
_aDLC _cDLC _dDLC |
||
| 050 | 0 | 0 | _aBX1912.M63 |
| 082 | 0 | 0 | _a262/.1 |
| 100 | 1 |
_aMohler, James A. _928497 |
|
| 245 | 1 | 4 |
_aThe origin and evolution of the priesthood; _ba return to the sources _c[by] James A. Mohler. |
| 260 |
_aStaten Island, N.Y., _bAlba House _c[1970] |
||
| 300 |
_axv, 137 p. _c22 cm. |
||
| 350 | _a3.95 | ||
| 504 | _aBibliography: p. [125]-130. | ||
| 650 | 0 |
_aChurch polity _xHistory _yEarly church, ca. 30-600. _927173 |
|
| 650 | 0 |
_aPriesthood _xHistory of doctrines. _928498 |
|
| 906 |
_a7 _bcbc _corignew _du _encip _f19 _gy-gencatlg |
||
| 942 |
_2lcc _cMONOGRAPH |
||
| 999 |
_c126020 _d126020 |
||